00626nam a2200193 a 450000100100000000500170001000800410002704000250006808200220009310000260011524500540014125000110019526000450020630000210025149000080027283000150028095201200029599900170041500002656820200930030306.0110323s1997 dr r 000 0 spa d aDO-SdBNPbspacBNPHU axxxxbA561m, 19971 aAndrés, Mateo9720510aMaestro, ¿Sabes quién eres? /cMateo Andrés. a2a ed. aSanto Domingo :bAmigo del Hogar,c1997. a146 p. ;c22 cm.1 aLuz 0aLuz946386 0010718PDaPDbPDcHDd2011-03-23iLF1l0oxxxx A561m, 1997p26568-10r2020-06-25w2020-06-25yLFPDZNo se presta c26060d26060